| 000 | 00441nam a2200121Ia 4500 | ||
|---|---|---|---|
| 008 | 220512s9999 xx 000 0 eng d | ||
| 100 | _aSweet, Cassandra | ||
| 245 | 0 |
_aInstitutional and procedural chalenges to generic production in India:antiretrovirals in focus / _cSweet, Cassandra |
|
| 260 |
_aAhmedabad : _bGujarat Institute of Development Research, _cOct-12 |
||
| 500 | _aAhmedabad Working paper No199 | ||
| 546 | _aEnglish | ||
| 942 | _cPR | ||
| 999 |
_c36711 _d36711 |
||